A teacher's package on the art of/ (Record no. 10265)
[ view plain ]
| 000 -LEADER | |
|---|---|
| fixed length control field | 00441nam a2200157 4500 |
| 003 - CONTROL NUMBER IDENTIFIER | |
| control field | OSt |
| 005 - DATE AND TIME OF LATEST TRANSACTION | |
| control field | 20260505085503.0 |
| 008 - FIXED-LENGTH DATA ELEMENTS--GENERAL INFORMATION | |
| fixed length control field | 260505b |||||||| |||| 00| 0 eng d |
| 020 ## - INTERNATIONAL STANDARD BOOK NUMBER | |
| International Standard Book Number | 9717915075 |
| 040 ## - CATALOGING SOURCE | |
| Transcribing agency | lib |
| 082 ## - DEWEY DECIMAL CLASSIFICATION NUMBER | |
| Edition number | 370.1 Su957t 2004 |
| 245 ## - TITLE STATEMENT | |
| Title | A teacher's package on the art of/ |
| Remainder of title | classroom questioning |
| 260 ## - PUBLICATION, DISTRIBUTION, ETC. | |
| Place of publication, distribution, etc. | Mandaluyong City, Philippines : SIBS publishing house, c2004 |
| 700 ## - ADDED ENTRY--PERSONAL NAME | |
| Personal name | SUNGA NILDA |
| 942 ## - ADDED ENTRY ELEMENTS (KOHA) | |
| Source of classification or shelving scheme | Dewey Decimal Classification |
| Koha item type | General Reference |
| Suppress in OPAC | Yes |
No items available.